000 00678nam a2200217 i 4500
001 67814
003 ES-MaACL
005 20240526062939.0
007 t|
008 040206s1973 sp ||||1| spa d
100 1 _aGallardo, José Carlos.
_953484
245 1 3 _aLa esperada transparencia /
_cJosé Carlos Gallardo.
260 _aSevilla :
_b[Católica Española],
_c1973.
300 _a55 p. ;
_c21 cm.
490 1 _aColección de poesía "Ángaro" ;
_v34
500 _aAccesit al Premio Angaro 1973.
830 0 0 _aColección de poesía "Ángaro" ;
_v34
_9236649
852 _aES-MaACL
_jC-53445
_bR.86369
_970333
942 _2udc
999 _c67814
_d67814